00624nam a2200193 i 450000100060000000300090000600500170001500700030003200800410003510000250007624500780010126000500017930000220022949000370025160000440028870000300033283000370036285200310039940556ES-MaACL20230906160245.0t|030306s1928 sp ||||1| spa d1 aCarre, Juan María.10aGoethe / cJuan María Carre ; traducción de Francisco Almela y Vives. aMadrid : b[s.n.], c1928 (fImp. Juan Pueyo) a291 p. ; c20 cm.1 aLa novela de los grandes hombres14aGoethe, Johann Wolfgang von,d1749-18321 aAlmela i Vives, Francesc.0 aLa novela de los grandes hombres aES-MaACLjA-4678 bR.16592